Právna povaha uznesenia valného zhromaždenia obchodných spoločností

Autor sa v príspevku zaoberá otázkou, či môže byť aj uznesenie valného zhromaždenia obchodnej spoločnosti považované za právny úkon. Približuje pohľady súdnej praxe, ako aj právnej náuky, pričom dospieva k záveru, že za určitých okolností, aj takého uznesenie môže byť právnym úkonom. To podľa autora...

Descripción completa

Guardado en:
Detalles Bibliográficos
Autor principal: Hlušák, Milan
Formato: Capítulo de libro
Lenguaje:eslovaco
Materias:
Etiquetas: Agregar Etiqueta
Sin Etiquetas, Sea el primero en etiquetar este registro!

MARC

LEADER 00000naa a2200000 4500
001 0289125
005 20240417075220.5
041 0 |a slo 
044 |a SK 
245 1 0 |a Právna povaha uznesenia valného zhromaždenia obchodných spoločností  |c Milan Hlušák 
520 |a Autor sa v príspevku zaoberá otázkou, či môže byť aj uznesenie valného zhromaždenia obchodnej spoločnosti považované za právny úkon. Približuje pohľady súdnej praxe, ako aj právnej náuky, pričom dospieva k záveru, že za určitých okolností, aj takého uznesenie môže byť právnym úkonom. To podľa autora znamená, že nie je vylúčené, aby sa aj na uznesenia valných zhromaždení obchodných spoločností aplikovali niektoré ustanovenia všeobecnej úpravy neplatnosti právnych úkonov obsiahnutej v Občianskom zákonníku. 
610 2 0 |a zhromaždenia valné 
610 2 0 |a spoločnosti obchodné 
610 2 0 |a legislatíva 
610 2 0 |a zákonník občiansky 
100 1 |a Hlušák, Milan